Corpus Based Approaches to Metaphor and Metonymy

সংরক্ষণ করুন:
গ্রন্থ-পঞ্জীর বিবরন
প্রধান লেখক: Stefanowitsch, Anatol (Author), Gries, Stefan Thomas (Author)
বিন্যাস: গ্রন্থ
ভাষা:ইংরেজি
প্রকাশিত: Berlín Mouton de Gruyter 2006
বিষয়গুলি:
ট্যাগগুলো: ট্যাগ যুক্ত করুন
কোনো ট্যাগ নেই, প্রথমজন হিসাবে ট্যাগ করুন!

MARC

LEADER 00000nam a2200000 a 4500
001 UCH4786
003 CL-VaPUC
008 090903e20060000GW |||||||||||||||||eng|d
020 |a 9783110198270 
082 0 4 |a 808.00285  |b STE  |2 21 
100 0 |a Stefanowitsch, Anatol  |e author  |9 540728 
700 |a Gries, Stefan Thomas  |e author  |9 570179 
245 1 0 |a Corpus Based Approaches to Metaphor and Metonymy 
300 |a 319 p 
942 |c BK 
945 |d 20090903 00:00:00  |a dcastane 
260 |a Berlín  |b Mouton de Gruyter  |c 2006 
650 0 |a Lingüística aplicada   |9 313266 
650 0 |a Análisis del discurso  |9 256696 
650 0 |a Metáforas  |9 372647 
650 7 |a METONIMIA  |2 CL-VaPUC  |9 453656 
583 |a last modification  |c 20090903 00:00:00  |k Rodrigo Vera 
999 |c 336054  |d 336052 
952 |0 0  |1 0  |4 0  |6 808_002850000000000_STE_2006  |7 0  |8 A  |9 426944  |a FDOPOS  |b FDOPOS  |d 2019-11-22  |i 4595424  |o 808.00285 STE 2006  |p 4595424  |r 2025-01-22  |w 2019-11-22  |y BK  |k DLA